000
00322 a2200133 4500
028
_a
The Ideal Publishers
090
_c
5611
_d
5611
100
_a
Zaka Ali
245
_a
A handbook to performance Evaluation Reports/ACRS
250
_a
Revised ed
260
_a
Karachi
300
_a
234
942
_a
NBS
_c
BK
_k
348.95491 ALI
999
_c
348015
_d
348015